| 000 | 00777 a2200205 4500 | ||
|---|---|---|---|
| 003 | OSt | ||
| 005 | 20230502092648.0 | ||
| 008 | 230420s2017 ca a|||| |||| 001 0 eng d | ||
| 020 | _a9780865718449 | ||
| 040 | _cCHAP | ||
| 082 | 0 | 0 |
_a628.13 _bB26 _222 |
| 100 | 0 |
_910246 _aBarnes, Douglas _eAutor |
|
| 245 | 4 |
_aThe permaculture earthworks handbook : _bhow to design and build swales, dams, ponds, and other water harvesting systems / _cPor Douglas Barnes |
|
| 264 | 1 |
_aCanada : _bNew Society Publishers, _c2017. |
|
| 300 |
_a177 páginas _bFiguras, ilustraciones y tablas |
||
| 650 | 4 |
_9143494 _aSistemas de captación |
|
| 650 | 4 |
_9143453 _aEstanques _xConstrucción _xConservación |
|
| 650 | 4 |
_9175574 _aDiseño de sistemas de captación de agua de lluvia |
|
| 942 |
_2ddc _cLIBRO |
||
| 999 |
_c217647 _d217647 |
||